LEADER 00748cam2 22002413 450 001 SOBE00042357 005 20191128135910.0 100 $a20140411d1992 |||||ita|0103 ba 101 $aita 102 $aIT 200 0 $a1,1 210 $aMilano$cElecta$d1992 215 $a624 p.$cill.$d29 cm 461 1$1001TWSOB00000360$12001 $a<>Novecento 1 : 1900-1945 / [a cura di Carlo Pirovano] vvvv 801 0$aIT$bUNISOB$c20191128$gRICA 850 $aUNISOB 852 $aUNISOB$j700|Coll|26|k$m83508 912 $aSOBE00042357 940 $aM 102 Monografia moderna SBN 941 $aW 957 $a700|Coll|26|k$b000007$i-1.1$gSI$d83508$1rovito$2UNISOB$3UNISOB$420140411141004.0$520191128135910.0$6Spinosa 996 $a1.1$970121 997 $aUNISOB LEADER 00917nam0 22002531i 450 001 UON00202255 005 20231205103258.603 010 $a05-7116-283-5 100 $a20030730d1991 |0itac50 ba 101 $aeng 102 $aGB 105 $a|||| ||||| 200 1 $aˆA ‰ pale view of hills$fKazuo Ishiguro 210 $aLondon$aBoston$cFaber and Faber$d1982. 183 p. ; 20 cm 620 $aUS$dBoston$3UONL000139 620 $aGB$dLondon$3UONL003044 700 1$aISHIGURO$bKazuo$3UONV111345$0164172 712 $aFaber and Faber$3UONV246465$4650 801 $aIT$bSOL$c20241115$gRICA 899 $aSIBA - SISTEMA BIBLIOTECARIO DI ATENEO$2UONSI 912 $aUON00202255 950 $aSIBA - SISTEMA BIBLIOTECARIO DI ATENEO$dSI Angl Smarrito Smarrito $eSI LO 60913 5 $sSmarrito 996 $aPale view of hills$9553833 997 $aUNIOR